Quantitative analyses of behavior.

Bibliographic Details
Corporate Author: Harvard Symposium on Quantitative Analyses of Behavior
Other Authors: Commons, Michael L., Nevin, John A.
Format: Conference Proceeding Book
Language:English
Published: Cambridge, Mass. : Ballinger Pub. Co., [1981-]
Subjects:

MARC

Tag First Indicator Second Indicator Subfields
LEADER 00000pam a2200000 a 4500
001 in00000073027
005 20151008060020.0
008 810325m19819999maua b 10100 eng
010 |a  81002654  
020 |a 0884103773 (v. 1) 
035 |a (OCoLC)07461963 
035 |9 AAJ4965AM 
039 0 |a 2  |b 3  |c 3  |d 3  |e 3 
040 |a DLC  |c DLC  |d TXA  |d UtOrBLW 
049 |a TXAM  |v 1 [1805002]  |v 7 [A12435535] 
050 0 0 |a BF319  |b .Q36 
060 0 |a BF 319.5.R4 D611 1978 
082 0 |a 150.19/43  |2 19 
245 0 0 |a Quantitative analyses of behavior. 
264 1 |a Cambridge, Mass. :  |b Ballinger Pub. Co.,  |c [1981-] 
264 4 |c ©1981- 
300 |a volumes :  |b illustrations ;  |c 23 cm. 
336 |a text  |b txt  |2 rdacontent 
337 |a unmediated  |b n  |2 rdamedia 
338 |a volume  |b nc  |2 rdacarrier 
500 |a Based on the annual Harvard Symposium on Quantitative Analyses of Behavior, held in April 1978. 
504 |a Includes bibliographies and indexes. 
505 1 |a v. 1. Discriminative properties of reinforcement schedules / edited by Michael L. Commons, John A. Nevin. 
650 0 |a Conditioned response  |x Congresses. 
650 2 |a Behavior  |x Congresses. 
650 2 |a Reinforcement Schedule  |x Congresses. 
700 1 |a Commons, Michael L. 
700 1 |a Nevin, John A. 
711 2 |a Harvard Symposium on Quantitative Analyses of Behavior. 
999 |a MARS 
999 f f |s 8987e6a5-3360-3316-8988-79393451cc31  |i 8b5d1a94-3881-354e-a224-3952ad62616f  |t 0 
952 f f |p normal  |a Texas A&M University  |b College Station  |c Sterling C. Evans Library  |d Evans: Library Stacks  |t 0  |e BF319 .Q36  |h Library of Congress classification  |i unmediated -- volume  |k v.7  |m A14812435535 
952 f f |p normal  |a Texas A&M University  |b College Station  |c Sterling C. Evans Library  |d Evans: Library Stacks  |t 0  |e BF319 .Q36  |h Library of Congress classification  |i unmediated -- volume  |k v.1  |m A14806086912 
998 f f |a BF319 .Q36  |s v.1,7  |t 0  |l Evans: Library Stacks